01348nam a2200301 a 450000100100000000500170001000800410002702000150006804000250008308200160010810000470012424000340017124501430020526000720034830000210042049000580044150000210049950000730052054600860059370000390067971000720071874000250079074000230081583000650083804900090090395201190091299900150103100000555120200929151717.0090820s1997 es 001 0 spa d a8400027256 aDO-SdBNPbspacBNPHU axxxxbC568d1 aCicerón, Marco Tuliod106-43 a.C.91568010aOrationes.lEspañol-Latín10aDiscursos :nv. XpDefensa de L. Murena ; Defensa de P. Sila /cM. Tulio Cicerón ; texto revisado y traducido por Manuel Marín Peña. aMadrid :bConsejo Superior de Investigaciones Científicas,c1997. a166 p. ;c22 cm.1 aAlma Mater : Colección de Autores Griegos y Latinos aIncluye índice aIncluye referencias bibliográficas y notas al pie de las páginas aTexto en griego y traducción paralela en español, introducción en español1 aMarín Peña, Manueletr.9156812 aConsejo Superior de Investigaciones Científicas (España)91517800aDefensa de L. Murena00aDefensa de P. Sila 0aAlma Mater : Colección de Autores Griegos y Latinos915682 aBNPD 001052708MOaGRbGRcCTd2009-08-20iLF1l0oxxxx C568dp5551-10r2020-06-25w2020-06-25y2ZPréstamo interno c5350d5350